| 000 | 00590nam a2200145Ia 4500 | ||
|---|---|---|---|
| 008 | 090124s9999 xx 000 0 und d | ||
| 082 | _b201360 | ||
| 245 | _a चोर आले पाहिजेत-बायकात पुरुष लांबोडा | ||
| 250 | _a3 | ||
| 260 |
_bसबनीस वसंत _c1971 |
||
| 300 | _a56 | ||
| 630 | _a चोर आले पाहिजेत-बायकात पुरुष लांबोडा | ||
| 730 | _a चोर आले पाहिजेत-बायकात पुरुष लांबोडा | ||
| 942 | _cBOOK | ||
| 999 |
_c182941 _d182941 |
||